000 00226nam a22001097a 4500
040 _cSK
082 _a581
100 _aNA
245 _aEpidemiology concepts for disease in animal groups
260 _aNA
_bNA
_cNA
942 _cEK
999 _c10333
_d10333